BSOP header

Area-based child survival and development program : (Record no. 1118)

MARC details
000 -LEADER
fixed length control field 00672nam a2200181 4500
008 - FIXED-LENGTH DATA ELEMENTS--GENERAL INFORMATION
fixed length control field 010502s1994 ph 0 engQU
090 ## - LOCALLY ASSIGNED LC-TYPE CALL NUMBER (OCLC); LOCAL CALL NUMBER (OCLC)
Classification number (OCLC) (R) ; Classification number, CALL (RLIN) (NR) HQ778.7
Local cutter number (OCLC) ; Book number/undivided call number, CALL (RLIN) .PS
-- B32
100 1# - MAIN ENTRY--PERSONAL NAME
Personal name Bautista, Victoria A.
245 10 - TITLE STATEMENT
Title Area-based child survival and development program :
Remainder of title an experiment in devolution /
Statement of responsibility, etc Victoria A. Bautista
260 ## - PUBLICATION, DISTRIBUTION, ETC. (IMPRINT)
Place of publication, distribution, etc Quezon City :
Name of publisher, distributor, etc UP CIDS,
Date of publication, distribution, etc c1994.
300 ## - PHYSICAL DESCRIPTION
Extent 92 p.
504 ## - BIBLIOGRAPHY, ETC. NOTE
Bibliography, etc Biblio : pp. 91-92.
651 #4 - SUBJECT ADDED ENTRY--GEOGRAPHIC NAME
Geographic name Child care services
Geographic subdivision Philippines
651 #4 - SUBJECT ADDED ENTRY--GEOGRAPHIC NAME
Geographic name Child care
Geographic subdivision Philippines
651 #4 - SUBJECT ADDED ENTRY--GEOGRAPHIC NAME
Geographic name Health facility-based child care
Geographic subdivision Philippines
710 22 - ADDED ENTRY--CORPORATE NAME
Corporate name or jurisdiction name as entry element University of the Philippines Center for Integrative and Development Studies
Holdings
Withdrawn status Lost status Damaged status Not for loan Home library Current library Shelving location Date acquired Accession number Shelving control number Total Checkouts Full call number Barcode Date last seen Price effective from Koha item type
        BSOP Library BSOP Library Filipiniana 12/21/2000 23532 127   HQ778.7/.PS/B32 00015864 02/23/2013 02/23/2013 Books
BSOP

Biblical Seminary of the Philippines
  All rights Reserved
  © 2024

CONTACT INFORMATION

Biblical Seminary of the Philippines,
  77-B Karuhatan Road, Valenzuela City,
  PHILIPPINES 1441
  Phone: +632 8292-6795 / 8292-6798
  Fax : +632 8292-6675
  Email: library@bsop.edu.ph